000 00185 a2200097 4500
020 _a9780836843583
041 _aspa
100 _aA. Brown, Jonatha
245 _aAnne Frank
942 _cBK
999 _c13915
_d13915